| 000 | 00806nam a22002297a 4500 | ||
|---|---|---|---|
| 003 | 0 | ||
| 005 | 20240817104631.0 | ||
| 008 | 240817b xxu||||| |||| 00| 0 eng d | ||
| 020 | _a978-1-4331-2488-4 | ||
| 050 |
_aHQ 27 _b.H87 2018 |
||
| 100 | _aHust, Stacy J.T. | ||
| 245 |
_aScripting adolescent romance _badolescents talk about romantic relationships and media's sexual scripts _cStacey J.T. Hust and Kathleen Boyce Rodgers |
||
| 260 |
_aNew York _bPeter Lang _c2018 |
||
| 300 |
_axii, 245 pages ; _c22cm. |
||
| 504 | _aIncludes bibliographical references, index, and glossary. | ||
| 650 | _aTeenagers--sexual behavior. | ||
| 650 | _aMan--woman relationships. | ||
| 650 | _aSex in mass media. | ||
| 650 | _aMass media and sex. | ||
| 650 | _aMass media and teenagers. | ||
| 942 |
_2lcc _cBK |
||
| 999 |
_c366113 _d366113 |
||